Longman dictionary of common errors / (Record no. 122833)

MARC details
000 -LEADER
fixed length control field 00899nam a22002537a 4500
005 - DATE AND TIME OF LATEST TRANSACTION
control field 20170124105916.0
010 ## - LIBRARY OF CONGRESS CONTROL NUMBER
LC control number A-505979
020 ## - INTERNATIONAL STANDARD BOOK NUMBER
Terms of availability £4.50
International Standard Book Number 9780582964105
035 ## - SYSTEM CONTROL NUMBER
System control number A-505979
037 ## - SOURCE OF ACQUISITION
Source of stock number/acquisition Cen Lib/Ret
040 ## - CATALOGING SOURCE
Original cataloging agency DPL
Language of cataloging EN
082 ## - DEWEY DECIMAL CLASSIFICATION NUMBER
Classification number 483.1
100 ## - MAIN ENTRY--PERSONAL NAME
Personal name Heaton, J. B.
9 (RLIN) 2584
245 ## - TITLE STATEMENT
Title Longman dictionary of common errors /
Statement of responsibility, etc by J. B.Heaton [and] N. D. Turton
260 ## - PUBLICATION, DISTRIBUTION, ETC. (IMPRINT)
Place of publication, distribution, etc UK
Name of publisher, distributor, etc Longman
Date of publication, distribution, etc 1987
270 ## - ADDRESS
Address Longman House, Burnt Mill, Harlow
City England
300 ## - PHYSICAL DESCRIPTION
Extent xv,297p.
Dimensions 19cm(pbk)
650 ## - SUBJECT ADDED ENTRY--TOPICAL TERM
Topical term or geographic name as entry element English Grammer
Form subdivision Dictionaries
9 (RLIN) 2585
650 ## - SUBJECT ADDED ENTRY--TOPICAL TERM
Topical term or geographic name as entry element Common English Errors
Form subdivision Dictionaries
9 (RLIN) 2586
650 ## - SUBJECT ADDED ENTRY--TOPICAL TERM
Topical term or geographic name as entry element अंग्रेजी ग्रामर
Form subdivision शब्दकोश
9 (RLIN) 2587
650 ## - SUBJECT ADDED ENTRY--TOPICAL TERM
Topical term or geographic name as entry element आम अंग्रेजी त्रुटियाँ
Form subdivision शब्दकोश
9 (RLIN) 2588
700 ## - ADDED ENTRY--PERSONAL NAME
Personal name Turton, N. D.
9 (RLIN) 2589
942 ## - ADDED ENTRY ELEMENTS (KOHA)
Source of classification or shelving scheme Dewey Decimal Classification
Koha item type English Books
Classification part 483.1
Call number suffix HEA
Holdings
Withdrawn status Lost status Damaged status Not for loan Collection code Home library Current library Date acquired Source of acquisition Cost, normal purchase price Total Checkouts Full call number Barcode Date last seen Copy number Cost, replacement price Price effective from Koha item type
      Not For Loan Reference Central Library Central Library 30/05/2015 Cen Lib/Ret 0.00   483.1 HEA A-505979 30/05/2015 1 0.00 30/05/2015 English Books

© Delhi Public Library
Hit Counter
free hit counter